000 00566cam a22002053a 4500
001 45894
003 PGUSA
005 20140828084053.0
008 140606s2014||||xxu|||||s|||||000 | eng d
040 _aPGUSA
_beng
042 _adc
100 1 _aKirwan, Thomas
245 1 0 _aSoldiering in North Carolina
_h[electronic resource] /
_cThomas Kirwan
260 _bProject Gutenberg,
_c2014
506 _aPublic domain in the USA.
516 _aElectronic text
830 0 _aProject Gutenberg
_v45894
856 4 0 _uhttp://www.gutenberg.org/ebooks/45894
942 _cEB
999 _c275144
_d275144